Theory and practice of public administration : (Record no. 46852)
[ view plain ]
| 000 -LEADER | |
|---|---|
| fixed length control field | 01226nam a2200289 a 4500 |
| 001 - CONTROL NUMBER | |
| control field | 46852 |
| 003 - CONTROL NUMBER IDENTIFIER | |
| rucl marc code | BD-RjUL |
| 005 - DATE AND TIME OF LATEST TRANSACTION | |
| control field | 20211209054222.0 |
| 008 - FIXED-LENGTH DATA ELEMENTS--GENERAL INFORMATION | |
| fixed length control field | 160804s1968 paua b 100 0 eng |
| 035 ## - SYSTEM CONTROL NUMBER | |
| System control number | (BD-RjUL) 46971 |
| 040 ## - CATALOGING SOURCE | |
| Original cataloging agency | DLC |
| Transcribing agency | DLC |
| Modifying agency | m.c. |
| -- | SER |
| -- | RCD |
| -- | BD-RjUL |
| Language of cataloging | eng |
| 041 ## - LANGUAGE CODE | |
| Language code of text/sound track or separate title | eng |
| 082 ## - DEWEY DECIMAL CLASSIFICATION NUMBER | |
| Edition number | 23 |
| Classification number | 350 |
| Author mark and year | THE 1968 |
| 245 00 - TITLE STATEMENT | |
| Title | Theory and practice of public administration : |
| Remainder of title | scope, objectives, and methods / |
| Statement of responsibility, etc. | Edited by James C. Charlesworth. |
| 260 ## - PUBLICATION, DISTRIBUTION, ETC. (IMPRINT) | |
| Place of publication, distribution, etc. | Philadelphia : |
| Name of publisher, distributor, etc. | American Academy of Political and Social Science, |
| Date of publication, distribution, etc. | c1968 |
| 300 ## - PHYSICAL DESCRIPTION | |
| Pagination | ix, 336 p. : |
| Illustrations | ill. ; |
| Size | 24 cm. |
| 490 1# - SERIES STATEMENT | |
| Series statement | Monograph (American Academy of Political and Social Science) ; |
| Volume/sequential designation | 8 |
| 500 ## - GENERAL NOTE | |
| General note | "Cosponsor for this volume: The American Society for Public Administration." |
| General note | Papers presented at a conference held Dec. 28-29, 1967, in Philadelphia. |
| 504 ## - BIBLIOGRAPHY, ETC. NOTE | |
| Bibliography, etc | Bibliographical footnotes. |
| 650 #0 - SUBJECT ADDED ENTRY--TOPICAL TERM | |
| Topical term or geographic name as entry element | Public administration. |
| 9 (RLIN) | 142732 |
| 700 1# - ADDED ENTRY--PERSONAL NAME | |
| Personal name | Charlesworth, James C. |
| Fuller form of name | (James Clyde), |
| Dates associated with a name | 1900-1974. |
| 710 2# - ADDED ENTRY--CORPORATE NAME | |
| Corporate name or jurisdiction name as entry element | American Society for Public Administration. |
| 9 (RLIN) | 142734 |
| 830 #0 - SERIES ADDED ENTRY--UNIFORM TITLE | |
| Uniform title | Monographs of the American Academy of Political and Social Science ; |
| Volume number/sequential designation | 8. |
| 942 ## - ADDED ENTRY ELEMENTS (KOHA) | |
| Source of classification or shelving scheme | Dewey Decimal Classification |
| Koha item type | Books |
| 949 ## - LOCAL PROCESSING INFORMATION (OCLC) | |
| a | MYGD |
| -- | MYGD |
| Lost status | Source of classification or shelving scheme | Damaged status | Not for loan | Collection code | Permanent Location | Current Location | Shelving location | Date acquired | Source of acquisition | Cost, normal purchase price | Total Checkouts | Full call number | Date last seen | Copy number | Koha item type |
|---|---|---|---|---|---|---|---|---|---|---|---|---|---|---|---|
| Dewey Decimal Classification | Non-fiction | Central Library, University of Rajshahi | Central Library, University of Rajshahi | 18/11/1970 | Sweets and Zeitlinger | 23.60 | 350 THE 1968 | 04/08/2016 | C-2 | Books | |||||
| Dewey Decimal Classification | Non-fiction | Central Library, University of Rajshahi | Central Library, University of Rajshahi | 18/11/1970 | Sweets and Zeitlinger | 23.60 | 350 THE 1968 | 04/08/2016 | C-3 | Books | |||||
| Dewey Decimal Classification | Non-fiction | Central Library, University of Rajshahi | Central Library, University of Rajshahi | 18/11/1970 | Sweets and zeitlinger | 13.00 | 350 THE 1968 | 21/08/2016 | C-4 | Books | |||||
| Dewey Decimal Classification | Non-fiction | Central Library, University of Rajshahi | Central Library, University of Rajshahi | Electronic Books | 04/02/1973 | Oxford University Press | 9.90 | 350 THE 1968 | 21/08/2016 | C-5 | Books | ||||
| Dewey Decimal Classification | Non-fiction | Central Library, University of Rajshahi | Central Library, University of Rajshahi | 20/01/1975 | Science Department | 20.00 | 350 THE 1968 | 03/09/2016 | C-6 | Books | |||||
| Dewey Decimal Classification | Not For Loan | Non-fiction | Central Library, University of Rajshahi | Central Library, University of Rajshahi | Reading Room | 18/11/1970 | Sweets and Zeitlinger | 23.60 | 350 THE 1968 | 29/01/2017 | C-1 | Books |